000 00450 a2200157 4500
003 OSt
005 20240203095128.0
008 240116b |||||||| |||| 00| 0 eng d
040 _coclc
082 _a297
_bMOU/T
100 _aMoulavi, K C Muhammed
_910271
245 _aThouheedum Namavisheshanangalum /
_cK C Muhammed Moulavi
260 _aKerala:
_bKNM,
_c2017.
300 _a72p
942 _2ddc
_cBK
_h297
_iMOU/T
_k297
_mMOU/T
999 _c43207
_d43207